Zákon č. 124/2006 Z.z. o bezpečnosti a ochrane zdravia pri práci s komentárom

Novela zákona č. 124/2006 Z.z. a zmeny, ktoré prináša od 1.1.2012.

Na minha lista:
Detalhes bibliográficos
Autor principal: Tichý, Miroslav
Formato: Capítulo de Livro
Idioma:eslovaco
Assuntos:
Tags: Adicionar Tag
Sem tags, seja o primeiro a adicionar uma tag!

MARC

LEADER 00000naa a2200000 4500
001 0161149
005 20231120103143.8
041 0 |a slo 
044 |a SK 
245 1 0 |a Zákon č. 124/2006 Z.z. o bezpečnosti a ochrane zdravia pri práci s komentárom  |c Miroslav Tichý 
520 |a Novela zákona č. 124/2006 Z.z. a zmeny, ktoré prináša od 1.1.2012. 
610 2 0 |a bezpečnosť práce 
610 2 0 |a ochrana pracovníkov 
610 2 0 |a zákony 
610 2 0 |a komentáre 
610 2 0 |a Slovensko 
610 2 0 |a 2006-2012 
100 1 |a Tichý, Miroslav